000 00849nam a2200217Ia 4500
001 10435
003 GE_BSU
008 181216s||||||||xx |||||||||||||| ||und||
040 _cGE_BSU
100 _aქაიხოსრო
245 _aომაინიანი
245 _bვეფხის-ტყაოსნის გაგრძელება რომანი მე-17 საუკუნისა
245 _cრედ:გ.ჯაკობია.
260 _aტფილისი.
260 _bფედერაცია
260 _c1937
300 _a151გვ;22სმ.
300 _eსაძიებელი გვ:136-150.
653 _aომაინიანი:ვეფხის-ტყაოსნის გაგრძელება რომანი მე-17 საუკუნისა
942 _cBK
999 _c43695
_d43695